By the Numbers #11 - Statistics

General Stats
  • This quiz has been taken 89 times
  • The average score is 11 of 20
Answer Stats
Hint Answer % Correct
Percentage equivalent of 34 75
96%
42 x 2 32
91%
Largest number not containing the letter 'n' in its English name 88
86%
Nevada area that is the subject of numerous conspiracy theories, many involving extraterrestrial beings or craft 51
77%
Number some Tolkien characters referred to as “eleventy-one” 111
75%
Course number frequently assigned to an introductory university course at a beginner's level in a department's subject area 101
72%
LXXI 71
70%
Presidential number of George H. W. Bush, and the title of a 2012 documentary about him 41
68%
Atomic number of lithium 3
61%
The smallest positive integer with three syllables in its English name 11
60%
Minimum age to buy firearms (other than handguns) in 38 US states 18
53%
Number of ice cream flavors Baskin-Robbins served when they first opened 31
47%
Number of cents you have if you have one each of every US coin worth less than $1 91
47%
Form number of the U.S. Individual Income Tax Return 1040
46%
In the US, the age at which one can purchase multiple tickets to an R-rated film 21
40%
Number of lace holes in an NFL football 16
39%
Number of home runs New York Yankees right fielder Roger Maris hit in 1961, surpassing Babe Ruth’s single-season record 61
37%
Number of yard lines marked on an American football field 99
30%
The official end score for a game of cribbage, according to the American Cribbage Congress 121
21%
Symbolic number of the Hells Angels Motorcycle Club 81
19%
No matching quizzes found
Score Distribution
Percent of People with Each Score
Percentile by Number Answered
Your Score History
You have not taken this quiz